Effectiveness of some Biopesticides and Chemical Pesticides to manage Legume Pod Borer (Maruca Vitrata) on yard long Bean / (Record no. 14361)

MARC details
000 -LEADER
fixed length control field 01254nam a22003137a 4500
001 - CONTROL NUMBER
control field BD-DhSAU 8665
003 - CONTROL NUMBER IDENTIFIER
control field BD-DhSAU
005 - DATE AND TIME OF LATEST TRANSACTION
control field 20181218112620.0
008 - FIXED-LENGTH DATA ELEMENTS--GENERAL INFORMATION
fixed length control field 150613b2017 bg a|||| m||| 00| 0 eng d
040 ## - CATALOGING SOURCE
Original cataloging agency BD-DhSAU
082 ## - DEWEY DECIMAL CLASSIFICATION NUMBER
Edition number 22
Classification number 595.7
Item number H7949
100 ## - MAIN ENTRY--PERSONAL NAME
Personal name Hossan , Saddam
Relator code Registration No. #11-04471
245 ## - TITLE STATEMENT
Title Effectiveness of some Biopesticides and Chemical Pesticides to manage Legume Pod Borer (Maruca Vitrata) on yard long Bean /
Statement of responsibility, etc. Hossan , Saddam
Remainder of title Ms Thesis
260 ## - PUBLICATION, DISTRIBUTION, ETC. (IMPRINT)
Place of publication, distribution, etc. Sher-e-Bangla Agricultural University :
Name of publisher, distributor, etc. Department of Entomology,
Date of publication, distribution, etc. 2017.
300 ## - PHYSICAL DESCRIPTION
Extent viii ; 59p. :
Other physical details ill. ;
Dimensions 30 cm.
500 ## - GENERAL NOTE
General note MS thesis of Department of Entomology, Faculty of Agriculture, Sher-e-Bangla Agricultural University, Dhaka, Bangladesh
504 ## - BIBLIOGRAPHY, ETC. NOTE
Bibliography, etc Includes bibliographical references.
590 ## - Name of Cataloguer
Name of Cataloger Shofi
650 ## - SUBJECT ADDED ENTRY--TOPICAL TERM
Topical term or geographic name as entry element Entomology
650 ## - SUBJECT ADDED ENTRY--TOPICAL TERM
Topical term or geographic name as entry element Effectiveness
650 ## - SUBJECT ADDED ENTRY--TOPICAL TERM
Topical term or geographic name as entry element Biopesticides
650 ## - SUBJECT ADDED ENTRY--TOPICAL TERM
Topical term or geographic name as entry element Chemical Pesticides
650 ## - SUBJECT ADDED ENTRY--TOPICAL TERM
Topical term or geographic name as entry element Legume Pod Borer (Maruca Vitrata)
650 ## - SUBJECT ADDED ENTRY--TOPICAL TERM
Topical term or geographic name as entry element Yard long Bean
700 ## - ADDED ENTRY--PERSONAL NAME
Personal name Rahman , Md. Mizanur
Relator term Superviser
700 ## - ADDED ENTRY--PERSONAL NAME
Personal name Akther , Ayesha
Relator term Co-superviser
856 ## - ELECTRONIC LOCATION AND ACCESS
Uniform Resource Identifier <a href="http://archive.saulibrary.edu.bd:8080/xmlui/handle/123456789/1659">http://archive.saulibrary.edu.bd:8080/xmlui/handle/123456789/1659</a>
Link text Online Access
942 ## - ADDED ENTRY ELEMENTS (KOHA)
Source of classification or shelving scheme Dewey Decimal Classification
Koha item type MS Level Thesis
Holdings
Withdrawn status Lost status Source of classification or shelving scheme Damaged status Not for loan Collection code Home library Branch Name Date acquired Total Checkouts Full call number Barcode Date last seen Price effective from Koha item type
    Dewey Decimal Classification   Not For Loan Reference SAU Library SAU Library 15/10/2018   595.7 H7949 40884 25/10/2018 25/10/2018 MS Level Thesis